Statystyki dla Władcy Polski Od pierwszych Piastów aż do współczesności

Kliknij tutaj aby rozwiązać quiz!

Ogólne statystyki

  • Ten quiz został rozwiązany 219 razy
  • Średni wynik to 51 z 95

Statystyki odpowiedzi

Odpowiedź% Poprawnych
ok.960-992Mieszko I
99%
992-1025Bolesław I Chrobry
98%
1333-1370Kazimierz III Wielki
86%
1386-1434Władysław II Jagiełło
84%
2015-2020 PrezydentAndrzej Duda
83%
1764-1795Stanisław August Poniatowski
83%
1990-1995 PrezydentLech Wałęsa
82%
1107-1138Bolesław III Krzywousty
81%
1995-2005 PrezydentAleksander Kwaśniewski
80%
2005-2010 PrezydentLech Kaczyński
79%
2010-2015 PrezydentBronisław Komorowski
78%
1384-1399Jadwiga Andegaweńska
77%
1289Władysław I Łokietek
77%
1320-1333Władysław I Łokietek
77%
1306-1320 (Książe)Władysław IV Łokietek
77%
1989-1990 PrezydentWojciech Jaruzelski
77%
1981-1989 I sekretarz KCPZPRWojciech Jaruzelski
77%
1918-1922 Naczelnik PaństwaJózef Piłsudski
74%
1034-1058Kazimierz I Odnowiciel
73%
1548-1572Zygmunt II August
73%
1506-1548Zygmunt I Stary
73%
1674-1696Jan III Sobieski
72%
1922 PrezydentGabriel Narutowicz
70%
1025-1034Mieszko II Lambert
69%
1576-1586Stefan Batory
69%
1587-1632Zygmunt III Waza
66%
1058-1079Bolesław II Śmiały/Szczodry
65%
1573-1575Henryk Walezy
65%
1956-1970 I sekretarz KCPZPRWładysław Gomułka
64%
1948-1956 I sekretarz KCPZPRBolesław Bierut
62%
1370-1382Ludwik Węgierski/Andegaweński
62%
1733-1736Stanisław I Leszczyński
62%
1704-1709Stanisław I Leszczyński
62%
X wiekSiemomysł
61%
1733-1763August III Sas
60%
1709-1733August II Mocny
60%
1697-1704August II Mocny
60%
IX-X wiekSiemowit
60%
1970-1980 I sekretarz KCPZPREdward Gierek
59%
1825-1855 (Car Rosji)Mikołaj I Pawłowicz
59%
IX wiek (Legendarny)Piast I
59%
1434-1444Władysław III Warneńczyk
59%
1669-1673Michał Korybut Wiśniowiecki
58%
1290-1291 (Książe)Przemysł II
57%
1295-1296Przemysł II
57%
1926-1939 PrezydentIgnacy Mościcki
55%
1648-1668Jan II Kazimierz
55%
1492-1501Jan I Olbracht
55%
1894-1917 (Car Rosji)Mikołaj II Aleksandrowicz
55%
1198-1199Mieszko III Stary
51%
1191Mieszko III Stary
51%
1199-1202Mieszko III Stary
51%
1173-1177Mieszko III Stary
51%
1079-1102Władysław I Herman
51%
1031-1032Bezprym
50%
1447-1492Kazimierz IV Jagiellończyk
50%
1138-1146Władysław II Wygnaniec
49%
1815-1825 (Car Rosji)Aleksander I Pawłowicz
48%
1291-1305Wacław II
48%
1632-1648Władysław IV Waza
48%
1575-1586Anna Jagiellonka
47%
1194-1198Leszek I Biały
47%
1211-1225Leszek I Biały
47%
1199Leszek I Biały
47%
1206-1210Leszek I Biały
47%
1225-1227Leszek I Biały
47%
1501-1506Aleksander Jagiellończyk
45%
X wiekLestek
45%
1922-1926 PrezydentStanisław Wojciechowski
44%
1102-1107Zbigniew
44%
1241-1243Konrad I Mazowiecki
41%
1229-1232Konrad I Mazowiecki
41%
1855-1881 (Car Rosji)Aleksander II Mikołajewicz
40%
1305-1306Wacław III
40%
1146-1173Bolesław IV Kędzierzawy
38%
1279-1288Leszek Czarny
38%
1177-1191Kazimierz II Sprawiedliwy
35%
1191-1194Kazimierz II Sprawiedliwy
35%
1238-1241Henryk II Pobożny
33%
1228-1229Władysław III Laskonogi
33%
1202-1206Władysław III Laskonogi
33%
1225Henryk I Brodaty
31%
1232-1238Henryk I Brodaty
31%
1881-1894 (Car Rosji)Aleksander III Aleksandrowicz
30%
1243-1279Bolesław V Wstydliwy
27%
1956 I sekretarz KCPZPREdward Ochab
26%
1980-1981 I sekretarz KCPZPRStanisław Kania
26%
1288-1289Henryk IV Prawy
20%
1289-1290Henryk IV Prawy
20%
1210-1211Mieszko IV Plątonogi
20%
1917-1918 (organ kolegialny)Rada Regencyjna
20%
1241Bolesław II Rogatka
18%
1807-1815 (Księstwo Warszawskie)Fryderyk August I
15%
1288Bolesław II Mazowiecki
8%
1289Bolesław II Mazowiecki
8%

Rozkład punktacji

Percentyl według liczby udzielonych odpowiedzi

Procent ludzi z każdym wynikiem

Twoja historia wyników

Nie rozwiązałeś tego quizu